000 00362 a2200157 4500
001 152496
040 _cEscola São Tomás de Aquino
100 _aANDRADE, Carlos Drummond de
240 1 0 _a70 historinhas
_lpor
245 1 0 _a70 historinhas
300 _a158
362 0 _a1979
440 1 _aJosé Olympio
697 _aLITERATURA BRASILEIRA
942 _cBK
999 _c152496
_d152496